us.- Gracie Abrams ft. Taylor Swift (All Lyrics) - Statistics

General Stats
  • This quiz has been taken 11 times
  • The average score is 260 of 331
Answer Stats
Lyrics % Correct
a
100%
an
100%
and
100%
And
100%
Do
100%
felt
100%
from
100%
I
100%
of
100%
of,
100%
on
100%
the
100%
The
100%
us,
100%
us?
100%
us
100%
Us
100%
(us),
100%
(us)
100%
Us,
100%
you
100%
You
100%
you,
100%
(you)
100%
your
100%
how
89%
in
89%
it
89%
it,
89%
It
89%
it)
89%
just
89%
know
89%
know,
89%
like
89%
me
89%
(me)
89%
miss
89%
see
89%
so
89%
So
89%
was
89%
(was)
89%
was,
89%
we're
89%
were
89%
you're
89%
You're
89%
be
78%
held
78%
if
78%
miracle,
78%
my
78%
night,
78%
or
78%
poetry
78%
talkin'
78%
up
78%
what
78%
"What
78%
always
67%
clear,
67%
clear
67%
curse
67%
doin'?"
67%
don't,
67%
end
67%
ends
67%
false
67%
fate
67%
fate,
67%
ghost,
67%
gifts
67%
hearse
67%
hell
67%
her
67%
history's
67%
ironic
67%
margins
67%
never
67%
now
67%
oracle
67%
play
67%
ruins
67%
shame,
67%
someone
67%
sonnets
67%
That
67%
through
67%
watchin'
67%
when
67%
you'll
67%
(you'll
67%
ashes
56%
Babylon
56%
becomes
56%
chemical
56%
hanging
56%
incomparable,
56%
I've
56%
joke
56%
known,
56%
learned
56%
lovers
56%
make
56%
mine?
56%
mine
56%
months
56%
nightstand,
56%
plus
56%
(plus)
56%
prophets
56%
read
56%
secret
56%
seemed
56%
She'll
56%
show,
56%
show
56%
smoke
56%
somethin'
56%
ten
56%
They
56%
29
44%
Bly
44%
can
44%
cold
44%
could've
44%
Did
44%
flame
44%
for
44%
fuck,
44%
give
44%
holy,
44%
home?
44%
lifetimes
44%
old
44%
(Ooh)
44%
open
44%
past
44%
profits
44%
regret
44%
Robert
44%
talking
44%
vine
44%
way
44%
Wonder
44%
years
44%
bleedin',
33%
calls
33%
gave
33%
line
33%
mind?
33%
missed
33%
Mistaken
33%
pain
33%
reign
33%
sometimes
33%
souls
33%
strangers
33%
well
33%
well,
33%
best
22%
flames
22%
kind,
22%
outline,
22%
No matching quizzes found
Score Distribution
Percent of People with Each Score
Percentile by Number Answered
Your Score History
You have not taken this quiz